000 01195nam a2200301Ia 4500
001 42440
003 111467
005 20250325213528.0
008 ||||||s2008 nyu gr ||| p|eng||
020 _a9780230602595
020 _a0230602592
040 _aCO-BoESAP
_bspa
_cCO-BoESAP
082 0 4 _a327.2
_bB34i
100 1 _aBekoe, Dorina Akosua Oduraa
_eautor
_9218772
245 1 0 _aImplementing peace agreements :
_blessons from Mozambique, Angola, and Liberia /
_cDorina A. Bekoe.
250 _aFirst edition.
260 _aNew York :
_bPALGRAVE MACMILLAN,
_c2008.
300 _a218 páginas
500 _aIncluye índice.
504 _aBibliografía : p.183-207.
520 1 _aThis book critically investigates the conditions facing the warring parties during the implementation of peace agreements in Mozambique, Angola and Liberia, as successes and failures in these countries highlight incentives for the international community to keep peace processes from faltering.
526 _a1698
526 _a51868
650 1 0 _aDiplomacia
_95026
650 2 0 _aRelaciones económicas internacionales
_95461
650 2 0 _aRelaciones internacionales
_9511
942 _cBKM
_2cl
999 _c173127
_d173127